| 000 | 00798nam a2200229 i 4500 | ||
|---|---|---|---|
| 001 | 70402 | ||
| 003 | ES-MaACL | ||
| 005 | 20231204175142.0 | ||
| 007 | t| | ||
| 008 | 040723s1980 sp ||||1| spa d | ||
| 100 | 1 |
_aGarcía Santesmases, José. _955272 |
|
| 245 | 1 | 0 |
_aObra e inventos de Torres Quevedo / _cJosé García Santesmases ; prólogo de Alberto Dou Masdexexas. |
| 260 |
_aMadrid : _bInstituto de España, _c1980. |
||
| 300 |
_aXIV, 367 p., 15 lám. : _bgráf., il. ; _c20 cm. |
||
| 490 | 1 | _aColección cultura y ciencia | |
| 600 | 1 | 4 |
_aTorres Quevedo, Leonardo, _d1852-1936 _9111002 |
| 700 | 1 |
_aDou, Alberto. _945470 |
|
| 710 | 2 |
_aInstituto de España. _94873 |
|
| 830 | 0 |
_aColección cultura y ciencia _9186712 |
|
| 852 |
_aES-MaACL _jL-517 |
||
| 999 |
_c70402 _d70402 |
||